| 000 | 00650cam a2200217 4500500 | ||
|---|---|---|---|
| 005 | 20260329004902.0 | ||
| 041 | _afre | ||
| 042 | _adc | ||
| 100 | 1 | 0 |
_aGustave, Océane _eauthor |
| 245 | 0 | 0 | _aPhilosophie du végétal. Botanique, épistémologie, ontologie |
| 260 | _c2021. | ||
| 500 | _a70 | ||
| 690 | _aBotanique | ||
| 690 | _aÉpistémologie | ||
| 690 | _aOntologie | ||
| 690 | _aPlante | ||
| 690 | _aScience | ||
| 690 | _aVégétal | ||
| 786 | 0 | _nPhilosophie magazine | 151 | 8 | 2021-07-01 | p. 67-68 | 1951-1787 | |
| 856 | 4 | 1 | _uhttps://shs.cairn.info/magazine-philosophie-magazine-2021-6-page-67?lang=fr&redirect-ssocas=7080 |
| 999 |
_c1838169 _d1838170 |
||